Porovnanie nezamestnanosti v regiónoch SR a EÚ bakalárska práca

Salvato in:
Dettagli Bibliografici
Autore principale: Zsoldos, Peter, 1987-
Ente Autore: Fakulta hospodárskej informatiky EU. Katedra štatistiky
Altri autori: Horníková, Adriana
Natura: Libro
Lingua:slovacco
Pubblicazione: Bratislava 2009
Tags: Aggiungi Tag
Nessun Tag, puoi essere il primo ad aggiungerne!!

MARC

LEADER 00000nam$a2200000$$$4500
001 0097697
005 20240319125134.6
041 0 |a slo 
044 |a SK 
245 1 0 |a Porovnanie nezamestnanosti v regiónoch SR a EÚ  |b bakalárska práca  |c Peter Zsoldos ; škol. Adriana Horníková 
264 1 |a Bratislava  |c 2009 
300 |a 43 s. 
100 1 |a Zsoldos, Peter, 1987- 
700 1 |a Horníková, Adriana 
710 2 |a Fakulta hospodárskej informatiky EU. Katedra štatistiky